Návrh zdokonalenia systémov riadenia kvality vo vybranom podniku diplomová práca

Guardado en:
Detalles Bibliográficos
Autor principal: Komár, Tomáš
Autor Corporativo: Podnikovohospodárska fakulta EU so sídlom v Košiciach. Katedra manažmentu
Otros Autores: Mizla, Martin, 1955-
Formato: Libro
Lenguaje:eslovaco
Publicado: Košice 2012
Etiquetas: Agregar Etiqueta
Sin Etiquetas, Sea el primero en etiquetar este registro!

MARC

LEADER 00000nbm a2200000 4500
001 0153249
005 20161109102100.0
041 0 |a slo 
044 |a SK 
245 1 0 |a Návrh zdokonalenia systémov riadenia kvality vo vybranom podniku  |b diplomová práca  |c Tomáš Komár ; školiteľ: Martin Mizla 
264 1 |a Košice  |c 2012 
300 |a 100 s. 
100 1 |a Komár, Tomáš 
700 1 |a Mizla, Martin, 1955- 
710 2 |a Podnikovohospodárska fakulta EU so sídlom v Košiciach. Katedra manažmentu